[Event "AUS-ch op U20"]
[Site "Perth "]
[Date "2004.01.21"]
[Round "8"]
[White "Yu, Chris"]
[Black "Ikeda, Junta"]
[Result "0-1"]
[WhiteElo "1589"]
[BlackElo "1705"]
[PlyCount "88"]
[EventDate "2004.01.14"]
[EventType "swiss"]
[EventRounds "11"]
[EventCountry "AUS"]
[SourceTitle "EXT 2006"]
[Source "ChessBase"]
[SourceDate "2005.11.24"]
[SourceVersion "1"]
[SourceVersionDate "2005.11.24"]
[SourceQuality "1"]

1. d4 d5 2. c4 e6 3. Nf3 c5 4. cxd5 exd5 5. e3 Nf6 6. a3 a6 7. Nbd2 Be7 8. dxc5 Bxc5 9. b4 Be7 10. Nb3 0-0 11. Bb2 Nc6 12. Bd3 Re8 13. 0-0 Bg4 14. h3 Bh5 15. Rc1 Rc8 16. Be2 Ne4 17. Nfd4 Bxe2 18. Nxe2 Bd6 19. Qd3 Rc7 20. Bd4 Rd7 21. Nc5 Nxc5 22. Bxc5 Bb8 23. Nd4 Ne5 24. Qf5 g6 25. Qb1 b6 26. Nb3 bxc5 27. Nxc5 Ra7 28. Rfd1 Nc6 29. Qd3 Qd6 30. Qxd5 Qxd5 31. Rxd5 Ne7 32. Rd3 Kg7 33. Rcd1 Rc8 34. g3 a5 35. Rc1 axb4 36. Ne6+ fxe6 37. Rxc8 Nxc8 38. axb4 Bd6 39. Rc3 Rc7 40. Rb3 Nb6 41. b5 Kf6 42. f4 Kf5 43. Kf2 e5 44. g4+ Ke4 0-1

[Event "AUS-ch op U20"]
[Site "Perth "]
[Date "2004.01.19"]
[Round "6"]
[White "Yu, Chris"]
[Black "Xie, Ken"]
[Result "1/2-1/2"]
[WhiteElo "1589"]
[BlackElo "1802"]
[PlyCount "109"]
[EventDate "2004.01.14"]
[EventType "swiss"]
[EventRounds "11"]
[EventCountry "AUS"]
[SourceTitle "EXT 2006"]
[Source "ChessBase"]
[SourceDate "2005.11.24"]
[SourceVersion "1"]
[SourceVersionDate "2005.11.24"]
[SourceQuality "1"]

1. d4 Nf6 2. Nf3 c5 3. c3 d5 4. g3 Nc6 5. Bg2 Bf5 6. 0-0 e6 7. Nbd2 Be7 8. dxc5 Bxc5 9. Nb3 Bd6 10. Nbd4 Be4 11. Qa4 Qd7 12. Bg5 0-0 13. Bxf6 gxf6 14. Nd2 Bxg2 15. Kxg2 Ne5 16. Qxd7 Nxd7 17. e4 dxe4 18. Nxe4 Be7 19. f4 f5 20. Nd2 Rac8 21. Rfe1 Bf6 22. N2f3 Nc5 23. Rad1 a6 24. Ne5 Rc7 25. Ndf3 Rfc8 26. Rd4 b5 27. Red1 Na4 28. R4d2 Be7 29. a3 Nc5 30. Nd4 Rb7 31. Ndc6 Bf6 32. Na5 Rbb8 33. Nec6 Rb6 34. Nb4 Be7 35. Kf3 Kf8 36. h3 Rc7 37. g4 Nb7 38. Nxb7 Rcxb7 39. gxf5 a5 40. Nc2 b4 41. axb4 axb4 42. Nd4 bxc3 43. bxc3 Rc7 44. Rd3 Bf6 45. fxe6 fxe6 46. Re1 Kf7 47. Rde3 Bxd4 48. cxd4 Rd7 49. Ke4 Rb4 50. Rd3 Rb5 51. Red1 Rbd5 52. Rg1 Kf6 53. Rg4 Ra7 54. Rh4 h5 55. Ke3 1/2-1/2